000 00416cam a2200169 4500
001 D12196
008 090401t1951 xxu||||| |||| 00| 0 eng d
035 _a(Sirsi) u1829
041 _aeng
100 _aBooth, E.Rowland
245 _aRating valuations of residential and business premises
260 _aLondon
_bEstates Gazette
_c1951
350 _a0
520 _aShelf 113
942 _n0
948 _c04/03/1997
999 _c85703
_d85703